[Event "HUN Team League Ch. Csongrad Region"]
[Site "Csongrád County"]
[Date "2015.10.11"]
[Round "3.4"]
[White "Kozak, Janos"]
[Black "Bodo, Imre"]
[Result "1-0"]
[WhiteElo "1619"]
[BlackElo "1783"]
[PlyCount "116"]
[EventDate "2015.09.20"]

1. c4 e5 2. Nc3 c6 3. Nf3 d6 4. g3 Bg4 5. Bg2 Nf6 6. d4 e4 7. Nd2 d5 8. cxd5
cxd5 9. f3 exf3 10. exf3 Be6 11. O-O Be7 12. Nb3 b6 13. Bf4 Nc6 14. Rc1 Rc8 15.
a3 O-O 16. Re1 Nh5 17. Be3 Qd7 18. Bf2 Nf6 19. Qd3 Rfd8 20. Ne2 Bd6 21. Rc3 Bf5
22. Qb5 Ne7 23. Qxd7 Bxd7 24. Rec1 Rxc3 25. Rxc3 Bb5 26. Nbc1 Re8 27. Bf1 Bb8
28. g4 h6 29. Ng3 Bxf1 30. Nxf1 Ng6 31. Nd3 Nh7 32. h4 Nhf8 33. h5 Nf4 34. Nxf4
Bxf4 35. Be3 Ne6 36. Nd2 Nxd4 37. Bxf4 Ne2+ 38. Kf2 Nxf4 39. Re3 Rc8 40. Rc3
Re8 41. Re3 Ne6 42. b4 Rc8 43. Kg3 Rc2 44. Rd3 Nc7 45. Nb3 Kf8 46. Nd4 Rc4 47.
f4 Ne6 48. Ne2 Re4 49. Kf3 Rxe2 50. Kxe2 Nxf4+ 51. Ke3 Nxd3 52. Kxd3 Ke7 53.
Kd4 Kd6 54. b5 g6 55. g5 hxg5 56. h6 g4 57. h7 g3 58. h8=Q g2 1-0

[Event "HUN Team League Ch. Csongrad Region"]
[Site "Csongrád County"]
[Date "2015.10.11"]
[Round "3.4"]
[White "Pluhar, Andras"]
[Black "Makay, Andor Dr"]
[Result "1-0"]
[WhiteElo "1646"]
[BlackElo "1710"]
[PlyCount "135"]
[EventDate "2015.09.20"]

1. e4 c5 2. Nf3 d6 3. d4 cxd4 4. Nxd4 a6 5. c4 e6 6. Nc3 Nf6 7. g3 Be7 8. Bg2
e5 9. Nc2 O-O 10. O-O Bg4 11. Qd3 Nbd7 12. Ne3 Nc5 13. Qc2 Bd7 14. b3 Rb8 15.
Bb2 b5 16. Rad1 Ne6 17. Nf5 Nd4 18. Nxd4 exd4 19. Rxd4 Qb6 20. Rfd1 Bg4 21.
R1d2 Rfd8 22. h3 Bh5 23. Nd5 Nxd5 24. Rxd5 Bg6 25. Bd4 Qc7 26. cxb5 Qxc2 27.
Rxc2 axb5 28. Be3 f6 29. Rc7 Bf8 30. Bf4 Bf7 31. Rd2 g5 32. Be3 Rbc8 33. Rdc2
Rxc7 34. Rxc7 Be8 35. Bd4 Bg7 36. Bc3 Rd7 37. Rc8 Kf7 38. Bf3 Ke7 39. Bg4 Rd8
40. Rc7+ Kf8 41. Bc8 Kg8 42. Ba5 Bf7 43. Rc1 Re8 44. f3 Bf8 45. Bd7 Re5 46. Rc8
Rc5 47. Rxc5 dxc5 48. Bxb5 Be6 49. g4 Kf7 50. Bc4 Bd6 51. Kf2 Ke7 52. Bxe6 Kxe6
53. Ke3 Be5 54. Kd3 Kd6 55. Bc3 Bxc3 56. Kxc3 Ke5 57. a4 Kf4 58. a5 Kxf3 59. a6
Kg3 60. a7 Kxh3 61. a8=Q Kxg4 62. Qc8+ Kg3 63. Kd3 h5 64. Ke3 h4 65. Qf5 g4 66.
Ke2 Kh3 67. Kf2 c4 68. bxc4 1-0

[Event "HUN Team League Ch. Csongrad Region"]
[Site "Csongrád County"]
[Date "2015.10.11"]
[Round "3.4"]
[White "Zenovitz, Otto"]
[Black "Balogh, Judit Dora"]
[Result "0-1"]
[WhiteElo "1537"]
[BlackElo "1551"]
[PlyCount "126"]
[EventDate "2015.09.20"]

1. Nf3 Nf6 2. g3 d5 3. Bg2 b6 4. O-O Bb7 5. d4 e6 6. Bg5 Bd6 7. a3 h6 8. Bxf6
Qxf6 9. Nc3 Na6 10. Nb5 Be7 11. Ne5 c6 12. Nc3 Bd6 13. Nf3 O-O 14. e4 Qd8 15.
Re1 Re8 16. e5 Be7 17. Ne2 c5 18. b3 Nc7 19. c4 a5 20. a4 cxd4 21. Nfxd4 Bb4
22. Rf1 Rc8 23. Nb5 Nxb5 24. cxb5 Qc7 25. Qd4 Red8 26. Rac1 Bc5 27. Qf4 Qe7 28.
Nd4 Rc7 29. h4 Rdc8 30. Qd2 Bb4 31. Qf4 Ba3 32. Rxc7 Qxc7 33. Ne2 Bb2 34. Nd4
Qc5 35. Rd1 Qb4 36. Bf1 Rc5 37. Qd2 Bc3 38. Qd3 Bxd4 39. Qxd4 Qxb3 40. Qa1 Qc3
41. Qxc3 Rxc3 42. Bg2 Bc8 43. Rd2 Bd7 44. f3 Be8 45. Kf2 f6 46. exf6 gxf6 47.
g4 Bg6 48. f4 Rc4 49. f5 Bf7 50. fxe6 Bxe6 51. Bxd5 Bxd5 52. Rxd5 Rxa4 53. Kf3
Rb4 54. Rd6 Rxb5 55. Rxf6 Kg7 56. Rd6 a4 57. h5 a3 58. Rd1 a2 59. Ra1 Rb2 60.
Ke3 b5 61. Kd3 b4 62. Kc4 b3 63. Kc3 Rb1 0-1

[Event "HUN Team League Ch. Csongrad Region"]
[Site "Csongrád County"]
[Date "2015.10.11"]
[Round "3.5"]
[White "Adok, Janos"]
[Black "Linczer, Janos"]
[Result "1-0"]
[WhiteElo "2241"]
[BlackElo "2145"]
[PlyCount "105"]
[EventDate "2015.09.20"]

1. c4 c5 2. g3 Nc6 3. Bg2 g6 4. Nc3 Bg7 5. e3 e6 6. Nge2 Nge7 7. d4 cxd4 8.
Nxd4 O-O 9. O-O Nxd4 10. exd4 d5 11. cxd5 Nxd5 12. Nxd5 exd5 13. Be3 Be6 14.
Qb3 Qd7 15. Rac1 Rfc8 16. Rc3 Rxc3 17. bxc3 Rc8 18. Rb1 b6 19. Bd2 Qc6 20. Bf1
h5 21. h4 Bf5 22. Re1 Be6 23. Bb5 Qd6 24. Bf4 Qd8 25. Ba6 Rc6 26. Re3 Bc8 27.
Qa4 Bd7 28. Qb3 Bc8 29. Qb5 Re6 30. Bxc8 Rxe3 31. Bxe3 Qxc8 32. Qxd5 Qxc3 33.
Qa8+ Bf8 34. Qxa7 b5 35. Qb8 Qa1+ 36. Kh2 Qxa2 37. Qxb5 Bd6 38. Qc6 Qe6 39. Kg2
Kg7 40. Bd2 Kh7 41. Bc3 Qe7 42. Qf3 f5 43. Bd2 Qf7 44. Bg5 Bf8 45. Qc6 Qa7 46.
d5 Qc5 47. Qd7+ Kg8 48. Qe6+ Kh7 49. Qf7+ Bg7 50. Bf6 Qf8 51. Qxg7+ Qxg7 52.
Bxg7 Kxg7 53. Kf3 1-0

[Event "HUN Team League Ch. Csongrad Region"]
[Site "Csongrád County"]
[Date "2015.10.11"]
[Round "3.5"]
[White "Tubak, Daniel"]
[Black "Botka, Peter"]
[Result "0-1"]
[WhiteElo "1962"]
[BlackElo "2126"]
[PlyCount "84"]
[EventDate "2015.09.20"]

1. e4 c6 2. d4 g6 3. Nc3 d5 4. Nf3 Bg7 5. Bf4 dxe4 6. Nxe4 Nd7 7. Bc4 Ngf6 8.
Neg5 O-O 9. Ne5 Nxe5 10. Bxe5 Nd5 11. Bxg7 Kxg7 12. O-O e5 13. Ne4 f5 14. Nc3
Nb6 15. Bb3 exd4 16. Ne2 c5 17. Qd3 f4 18. c3 c4 19. Bxc4 Bf5 20. Qf3 Nxc4 21.
Qxb7+ Rf7 22. Qb5 Bd3 23. Nxd4 Qb6 24. Qd5 Re8 25. Rfe1 Qd6 26. Qf3 Rxe1+ 27.
Rxe1 Bf5 28. b3 Nb6 29. Rd1 Qe5 30. c4 h5 31. h3 Kh7 32. Nxf5 Qxf5 33. Kh2 Nd7
34. Qa8 a5 35. Rd5 Qe6 36. Qxa5 f3 37. Qd2 fxg2 38. Kxg2 Qe4+ 39. Kh2 Ne5 40.
Qe3 Nf3+ 41. Kg3 h4+ 42. Kg2 Ne1+ 0-1

[Event "HUN Team League Ch. Csongrad Region"]
[Site "Csongrád County"]
[Date "2015.10.11"]
[Round "3.5"]
[White "Borsi, Imre"]
[Black "Blazsik, Zoltan"]
[Result "1/2-1/2"]
[WhiteElo "2100"]
[BlackElo "1868"]
[PlyCount "51"]
[EventDate "2015.09.20"]

1. d4 d5 2. Nf3 Nf6 3. c4 e6 4. Nc3 Be7 5. Bf4 c6 6. e3 Nbd7 7. Bd3 O-O 8. O-O
b6 9. Rc1 Re8 10. h3 Bb7 11. cxd5 exd5 12. Ne5 Nf8 13. Bg3 a6 14. Qb3 Bd6 15.
Na4 Bxe5 16. Bxe5 N6d7 17. Bg3 Rc8 18. Bf5 Ne6 19. Qd3 g6 20. Bg4 c5 21. Nc3
cxd4 22. exd4 Rc4 23. Bxe6 Rxe6 24. Rce1 Qf6 25. Rxe6 fxe6 26. Rd1 1/2-1/2

[Event "HUN Team League Ch. Csongrad Region"]
[Site "Csongrád County"]
[Date "2015.10.11"]
[Round "3.5"]
[White "Vidakovics, Istvan"]
[Black "Baranyi, Erno"]
[Result "1/2-1/2"]
[WhiteElo "1966"]
[BlackElo "2113"]
[PlyCount "26"]
[EventDate "2015.09.20"]

1. d4 Nf6 2. c4 g6 3. Nc3 Bg7 4. Nf3 O-O 5. Bf4 d6 6. e3 c6 7. Be2 Nbd7 8. h3
Re8 9. O-O a6 10. a4 Qa5 11. Rb1 c5 12. Qc2 e5 13. dxe5 Nxe5 1/2-1/2

[Event "HUN Team League Ch. Csongrad Region"]
[Site "Csongrád County"]
[Date "2015.10.11"]
[Round "3.5"]
[White "Buzas, Andras"]
[Black "Valyi, Blanka Borbala"]
[Result "0-1"]
[WhiteElo "1837"]
[BlackElo "1895"]
[PlyCount "86"]
[EventDate "2015.09.20"]

1. e4 c5 2. Nf3 d6 3. d4 cxd4 4. Nxd4 Nf6 5. Nc3 g6 6. f3 Bg7 7. Be3 Nc6 8. Bb5
Bd7 9. Bxc6 bxc6 10. Qd2 O-O 11. Bh6 c5 12. Bxg7 Kxg7 13. Nde2 Rb8 14. Rb1 Qa5
15. O-O Be6 16. b3 Rfc8 17. Rfd1 c4 18. Kh1 Qc5 19. Na4 Qe5 20. Nf4 Bd7 21. Nd5
Nxd5 22. exd5 Bxa4 23. Re1 c3 24. Qd1 Qf6 25. bxa4 Rb2 26. Ra1 Rc7 27. Re4 Kg8
28. h4 a5 29. Kh2 Rc5 30. a3 Qf5 31. Rxe7 Rxd5 32. Qg1 Rxc2 33. Rd1 Rxd1 34.
Qxd1 Qf4+ 35. Kh3 Qd2 36. Re8+ Kg7 37. Qg1 Qf2 38. Qh2 Rd2 39. h5 Rd4 40. Re4
Rxe4 41. fxe4 Qe3+ 42. g3 Qxe4 43. g4 Qe3+ 0-1

[Event "HUN Team League Ch. Csongrad Region"]
[Site "Csongrád County"]
[Date "2015.10.11"]
[Round "3.5"]
[White "Berczi, Peter"]
[Black "Bene, Zoltan"]
[Result "1-0"]
[WhiteElo "1797"]
[BlackElo "1768"]
[PlyCount "123"]
[EventDate "2015.09.20"]

1. Nf3 Nf6 2. g3 d5 3. Bg2 Nc6 4. c4 dxc4 5. Qa4 Bd7 6. Qxc4 e5 7. Ng5 Qe7 8.
b3 Na5 9. Qc3 Qc5 10. Bb2 Qxc3 11. Nxc3 h6 12. Nge4 Nxe4 13. Nxe4 f5 14. Nc3
Bd6 15. Rc1 O-O 16. d3 Rae8 17. O-O Bc6 18. Bxc6 Nxc6 19. Nb5 Rc8 20. Rc4 a6
21. Nxd6 cxd6 22. Rfc1 Na7 23. Ba3 Rxc4 24. dxc4 Rd8 25. Rd1 Nc8 26. Rd5 Kf7
27. f4 Nb6 28. Rxd6 Rxd6 29. Bxd6 exf4 30. gxf4 g5 31. fxg5 hxg5 32. Kf2 Ke6
33. Bc5 Nc8 34. Kf3 Ke5 35. h3 b6 36. Bf8 Kf6 37. c5 Kf7 38. cxb6 Nxb6 39. Bb4
Ke6 40. e4 fxe4+ 41. Kxe4 Nd7 42. Bd2 Nf6+ 43. Kd4 g4 44. hxg4 Nxg4 45. Kc5 Kd7
46. Kb6 Nf6 47. Kxa6 Kc8 48. Bf4 Nd5 49. Bd6 Kd7 50. Bf8 Kc8 51. a4 Kb8 52.
Bd6+ Ka8 53. Be5 Nc7+ 54. Kb6 Nd5+ 55. Kc5 Ne7 56. b4 Kb7 57. b5 Nc8 58. a5 Na7
59. a6+ Ka8 60. b6 Nc6 61. b7+ Ka7 62. Kxc6 1-0

[Event "HUN Team League Ch. Csongrad Region"]
[Site "Csongrád County"]
[Date "2015.10.11"]
[Round "3.5"]
[White "Tokes, Janos"]
[Black "Volford, Istvan"]
[Result "1-0"]
[WhiteElo "1674"]
[BlackElo "1824"]
[PlyCount "76"]
[EventDate "2015.09.20"]

1. c4 Nf6 2. Nc3 g6 3. d4 d6 4. e4 Bg7 5. f3 O-O 6. Be3 c6 7. Bd3 e5 8. d5 Qa5
9. a3 c5 10. Nge2 a6 11. O-O h6 12. Qb1 Qd8 13. b4 b6 14. bxc5 bxc5 15. Ra2 Ra7
16. Rb2 Nbd7 17. Na4 Qc7 18. Qc2 Bb7 19. Rfb1 Rb8 20. Bd2 Raa8 21. Qc3 Bc8 22.
Qa5 Rxb2 23. Qxc7 Rxd2 24. Rb3 h5 25. Qc6 Bh6 26. Kf2 Rxd3 27. Rxd3 Rb8 28.
Qxd6 Bf8 29. Qc7 Ne8 30. Qa5 Bd6 31. Nc1 Bc7 32. Qd2 Nd6 33. Qc2 Bb7 34. Rb3 f5
35. exf5 Nxf5 36. Qb1 Bc8 37. Rxb8 Bxb8 38. Nb6 Nd6 1-0

[Event "HUN Team League Ch. Csongrad Region"]
[Site "Csongrád County"]
[Date "2015.10.11"]
[Round "3.5"]
[White "Boa, Bence"]
[Black "Kis, Izabella"]
[Result "1-0"]
[WhiteElo "1688"]
[BlackElo "1293"]
[PlyCount "39"]
[EventDate "2015.09.20"]

1. d4 d5 2. c4 e6 3. Nc3 Be7 4. Nf3 c6 5. e3 Nf6 6. Bd3 dxc4 7. Bxc4 Nbd7 8. e4
b6 9. d5 exd5 10. exd5 b5 11. Bb3 cxd5 12. Nxd5 O-O 13. O-O Bb7 14. Nxe7+ Qxe7
15. Be3 Rfd8 16. Ng5 h6 17. Nxf7 Kf8 18. Nxd8 Rxd8 19. Rc1 a5 20. Re1 1-0